| 000 | 01026nam0a22002891 4500 | ||
|---|---|---|---|
| 001 | RU\NLR\INFOCOMM_116\5000059007 | ||
| 005 | 20250613090633.0 | ||
| 035 | _a(NLR Aleph) 009074170 | ||
| 090 |
_a7941540 _c7941540 |
||
| 100 | _a20081101d1986 |||y0rusy50 ca | ||
| 101 | 0 | _afre | |
| 102 | _aRU | ||
| 105 | _aa z 000zy | ||
| 200 | 1 |
_aLes arts plastiques soviétiques _e[album _fВиктор Мартынов] |
|
| 210 |
_a[М.] _cÉd. de l'Agence de presse "Novosti" _d1986 |
||
| 215 |
_a[48] с. _cил., цв. ил. _d19×26 см |
||
| 300 | _aВ вып. дан.: Советское изобразительное искусство | ||
| 517 | 1 | _aСоветское изобразительное искусство | |
| 606 |
_aИскусство _yСССР _jАльбомы _2nlr_sh1 |
||
| 686 |
_aЩ103(2)7я61 _2rubbk |
||
| 700 | 1 |
_aMartynov _bV. M. _gViktor Michajlovič _4070 |
|
| 801 | 1 |
_aRU _bNLR _c20081101 |
|
| 801 | 0 |
_aRU _bNLR _gPSBO |
|
| 852 |
_aNLR _jИс31 Д-8/179 |
||
| 942 | _cBOOK | ||
| 980 | _aNB | ||